00404nam a2200109Ia 4500008004100000100001600041245003700057260003200094942000700126999001900133952014200152250530s9999 xx 000 0 und d aOliver,Dick 0aTeach yourself HTML4 in 24 hours aNew DelhibTech Mediac1999 cBK c293700d293700 00104070aKAUCLVbKAUCLVd2025-05-30l0oOLI/TEp209738r2025-05-30 00:00:00w2025-05-30yBKzwritten off as per the order Ad/129/04(B)